NERONE (Record n. 105500)

Dettagli MARC
000 -LEADER
fixed length control field 02743agaaa2200349 4500
001 - CONTROL NUMBER
control field 5318
003 - CONTROL NUMBER IDENTIFIER
control field IT-RoPAU
005 - DATE AND TIME OF LATEST TRANSACTION
control field 20220918181233.0
007 - PHYSICAL DESCRIPTION FIXED FIELD--GENERAL INFORMATION
fixed length control field d cvaizq
008 - FIXED-LENGTH DATA ELEMENTS--GENERAL INFORMATION
fixed length control field 50131s9999||||xx ||| | || ||und||
040 ## - CATALOGING SOURCE
Original cataloging agency IT-RoPAU
Transcribing agency IT-RoPAU
041 ## - LANGUAGE CODE
Language code of text/sound track or separate title ITALIANO
100 ## - MAIN ENTRY--PERSONAL NAME
Personal name Marcus Paul
Miscellaneous information Codice regista SPICS: 58058
9 (RLIN) 41763
130 ## - MAIN ENTRY--UNIFORM TITLE
Uniform title NERONE
9 (RLIN) 41764
240 ## - UNIFORM TITLE
Uniform title IMPERIUM: NERONE
Miscellaneous information T3472
245 ## - TITLE STATEMENT
Title NERONE
Statement of responsibility, etc. Prodotto da: Bernabei Luca -- Sceneggiatura: Billing Paul Contaldo Francesco -- Diretto da: Marcus Paul
Name of part/section of a work NERONE (Rif. Codice opera principale : H5318)
246 ## - VARYING FORM OF TITLE
Title proper/short title IMPERIUM: NERONE
250 ## - EDITION STATEMENT
Edition statement Edizione Standard
260 ## - PUBLICATION, DISTRIBUTION, ETC. (IMPRINT)
Place of publication, distribution, etc. (ITA - SPA - UK)
Name of publisher, distributor, etc. RAI FICTION - LUX VIDE - EOS INTERT. - RAI TR / Distribuzione: MULTIMEDIA SAN PAOLO
Date of manufacture "2004 (1° ed.: 2005 ; Ed. Lingua Orig.: 2004)"
300 ## - PHYSICAL DESCRIPTION
Extent DVD
Other physical details sonoro, col.
Dimensions 182 minuti
508 ## - CREATION/PRODUCTION CREDITS NOTE
Creation/production credits note "Fotografia: Galasso Giovanni; Montaggio: Lucidi Alessandro; Musica: Guerra Andrea; Sceneggiatura: Billing Paul Contaldo Francesco; Scenografia: Agate Carmelo; Soggetto: Billing Paul -- Contaldo Francesco"
511 ## - PARTICIPANT OR PERFORMER NOTE
Participant or performer note "Matheson Hans; Morante Laura; Schmid Rike; Habich Matthias; Molina Angela; Cariot P"
520 ## - SUMMARY, ETC.
Summary, etc. L'IMPERATORE CALIGOLA E' PREDA DELLA FOLLIA. UCCIDE IL MARITO DI SUA SORELLA AGRIPPINA, COINVOLTO IN UNA CONGIURA CONTRO DI LUI. AGRIPPINA VIENE ESILIATA SU UN'ISOLA LONTANA E SEPARATA DAL SUO UNICO FIGLIO, CHE AMA PIU' DELLA SUA STESSA VITA. HA SOLO OTTO ANNI, IL SUO NOME E' LUCIO, MA PASSERA' ALLA STORIA CON IL NOME DI NERONE. CALIGOLA VIENE UCCISO DAI SUOI GENERALI. GLI SUCCEDE CLAUDIO, CHE DECIDE DI PORRE TERMINE ALL'INGIUSTO ESILIO DI AGRIPPINA. COSI', DOPO TANTI ANNI, NERONE PUO' RIABBRACCIARE SUA MADRE. MA AGRIPPINA ORA HA UN UNICO, PRECISO OBIETTIVO: SUO FIGLIO NERONE DOVRA' DIVENTAREIMPERATORE. PER PRIMA COSA SI SBARAZZA DI MESSALINA, LA DISSOLUTA MOGLIE DI CLAUDIO. POI SEDUCE L'IMPERATORE CONVINCENDOLO A SPOSARLA. INFINE PERSUADE CLAUDIO A NOMINARE EREDE DEL POTERE IMPERIALE NERONE E NON SUO FIGLIO NATURALE BRITANNICO. NERONE VORREBBE TRASFERIRSI IN GRECIA CON ATE, MA SUA MADRE AVVELENA IL MARITO CLAUDIO. NERONE, SUO MALGRADO, DIVENTA IMPERATORE...IL DISCO EXTRA CONTIENE IL DOCUMENTARIO: ALLA SCOPERTA DFI ROMA, UN VIAGGIO AFFASCINANTE NELLA ROMA ANTICA.
538 ## - SYSTEM DETAILS NOTE
System details note PAL, STEREO
546 ## - LANGUAGE NOTE
Language note ITALIANO
650 ## - SUBJECT ADDED ENTRY--TOPICAL TERM
Topical term or geographic name as entry element DRAMMA STORICO
Relator term DVD-FILM [DVD]
General subdivision Codice MATERIA SPICS: 9947
9 (RLIN) 41765
700 ## - ADDED ENTRY--PERSONAL NAME
Personal name Billing Paul
Relator term (soggetto)
Miscellaneous information Codice Soggetto SPICS: 58059
9 (RLIN) 41766
700 ## - ADDED ENTRY--PERSONAL NAME
Personal name Contaldo Francesco
Relator term (soggetto)
Miscellaneous information Codice Soggetto 2° SPICS: 7850
9 (RLIN) 41767
700 ## - ADDED ENTRY--PERSONAL NAME
Personal name Guerra Andrea
Relator term (musica)
Miscellaneous information Codice Musica SPICS: 57998
9 (RLIN) 41768
700 ## - ADDED ENTRY--PERSONAL NAME
Personal name Marcus Paul
Relator term (regista)
Miscellaneous information Codice regista SPICS: 58058
9 (RLIN) 41769
942 ## - ADDED ENTRY ELEMENTS (KOHA)
Koha item type DVD
Source of classification or shelving scheme Dewey Decimal Classification
Dati di copia
Withdrawn status Lost status Damaged status Not for loan Home library Current library Date acquired Total Checkouts Full call number Date last seen Price effective from Koha item type Public note
    Buone Condizioni Not For Loan SPICS-MEDIATECA SPICS-MEDIATECA 31/01/2015   H5318 31/01/2015 31/01/2015 DVD Progr. Ins.: 3255 / N.Vol.:2 / Copie: 1 / Pag.:0 / Copia rara: n.d. / date import: 1.2.2015 / By Epidotti, Trombetti, Vaglietti
CREDITS: SOCIETA' SAN PAOLO Via A.Severo, 58 - ROMA (RM) & PERIODICI SAN PAOLO SRL Via Giotto, 36 MILANO & CISF Via Giotto, 36 MILANO & EDIZIONI SAN PAOLO SRL,  Piazza Soncino, 5 CINISELLO BALSAMO (MI) -- ITALY